| 000 | 00576nam a22002177a 4500 | ||
|---|---|---|---|
| 003 | OSt | ||
| 005 | 20140310181726.0 | ||
| 008 | 130308t xxu||||| |||| 00| 0 eng d | ||
| 020 | _a0582405424 | ||
| 050 |
_aHF 1106 _b.J59 2004 |
||
| 082 |
_aIB 650 _bJ54 2000 |
||
| 100 | _aJewell. Bruce R. | ||
| 245 |
_aAn integrated approach to business studies / _cBruce R. Jewell. |
||
| 250 | _a4th ed. | ||
| 260 |
_aLondon : _bPitman , _cc2004. |
||
| 300 |
_c25 cm. _a188 p. : |
||
| 562 | _e1 | ||
| 650 | _aBusiness management. | ||
| 942 |
_2lcc _cBK _e4th ed. |
||
| 999 |
_c2184 _d2184 |
||